000 01389nam a2200301 i 4500
001 768714001
003 CO-MdFUSB
005 20250731165526.0
008 190529s2018 ck a|||g |||| 00| 0 spa d
020 _a9789585690875
040 _aCO-MdFUSB
_bspa
_cCO-MdFUSB
_dCO-MdFUSBC
_erda
041 _aspa
082 _224
_aG 261
_bF288sa
245 0 0 _aLíderes de las iglesias como agentes de sanidad después del trauma
_c/ Lisseth Rojas-Flores , Tommy Givens , Josephine Hwang Koo , Laura Milena Cadavid Valencia , Francis Alexis Pineda González con Elisabet le Roux y Larisa Grams-Benítez.
264 1 _aMedellín, Colombia :
_bPublicaciones SBC,
_c℗[2018]
264 4 _c©2018
300 _a115 páginas ;
_c28 cm ;
_bilustraciones
336 _2rdacontent
_atexto
_btxt
337 _2rdamedia
_asin mediación
_bn
338 _2rdacarrier
_avolumen
_bnc
490 1 _aFe y desplazamiento
505 _aIntroducción -- Llamados a ministrar sanidad -- Trauma y recuperación -- Los horrores del trauma y la crisis de fe -- El trauma vicario -- El autocuidado -- Ministerio con personas en situación de desplazamiento en la iglesia -- La violencia sexual y la iglesia
650 0 _91177
_aIglesia y problemas sociales
830 _aFe y desplazamiento
_p: Salud mental
856 _uhttps://repositorio.repci.co/handle/123456789/295
942 _cBK
945 _aANF-558
999 _c65071
_d65071